000
00340 a2200169 4500
001
187132
020
_a
85-349-2154-7
040
_c
Magnum
100
_a
Jose, Elias
240
1
0
_a
Dias de susto
_l
por
245
1
0
_a
Dias de susto
300
_a
155
362
0
_a
2006
440
1
_a
Paulus
697
_a
LITERATURA JUVENIL
942
_c
BK
999
_c
187132
_d
187132